| 000 | 00646nam a2200193Ia 4500 | ||
|---|---|---|---|
| 003 | IN-BaIIA | ||
| 008 | 211028s9999 xx 000 0 eng d | ||
| 020 | _a2-222-02022-0 | ||
| 040 | _cIIA Library | ||
| 080 |
_a082.2:52 _bIAU-C37 |
||
| 100 |
_aBalkowski, C. _910100 |
||
| 245 | 0 |
_aDecalages vers le rouge et expansion de l'univers _cC. Balkowski |
|
| 260 |
_aParis _bEditions Du Centre National De La Recherche Scientifique _c1977 |
||
| 300 | _a[various pagings.] | ||
| 650 | _aAstronomy and astrophysics thesaurus | ||
| 650 | _aCosmology | ||
| 650 |
_aExtragalactic system _95594 |
||
| 942 | _cBK | ||
| 999 |
_c5831 _d5831 |
||